000
00280nam a22001337a 4500
008
190129b xxu||||| |||| 00| 0 eng d
020
_a
9780130811370
041
_a
eng
080
_2
8th
_a
510
100
_a
36
101
_a
MAT
245
_a
Calculus
_c
Narberg
942
_2
udc
_c
BK
999
_c
53885
_d
53885